| 000 | 01338cam a22002771i 4500 | ||
|---|---|---|---|
| 003 | SA-RiAUC | ||
| 005 | 20250825053124.0 | ||
| 008 | 250605s1988 le g 000 0 ara c | ||
| 040 |
_aSA-RiAUC _bara _cSA-RiAUC _erda |
||
| 082 | 0 | 4 |
_a258.1 _qSA-RiAUC |
| 090 |
_a258.1 _b م ح م |
||
| 100 | 0 |
_aمحمد بخيت بن حسين المطيعي، _d1271-1354 هجري _eمؤلف. |
|
| 245 | 1 | 0 |
_aكتاب أحسن الكلام فيما يتعلق بالسنة والبدعة من الأحكام ؛ _bويلي هذا الكتاب جواب عن وقف الشمس لبعض الأنبياء عليهم السلام / _cتأليف محمد بخيت المطيعي الحنفي. |
| 246 | 3 | 0 | _aأحسن الكلام فيما يتعلق بالسنة والبدعة من الأحكام |
| 264 | 1 |
_aبيروت : _bمؤسسة الكتب الثقافية، _c1988 |
|
| 300 |
_a103 صفحة ؛ _c20 سم |
||
| 336 |
_aنص _btxt _2rdacontent _3كتاب |
||
| 337 |
_aبدون وسيط _bn _2rdamedia |
||
| 338 |
_aمجلد _bnc _2rdacarrier |
||
| 650 | 7 |
_aالبدع في الإسلام _2aucsh |
|
| 650 | 7 |
_aالأحكام الشرعية _2aucsh |
|
| 650 | 7 |
_aالسنة _2aucsh |
|
| 740 | 0 | 2 | _aجواب عن وقف الشمس لبعض الأنبياء عليهم السلام. |
| 942 |
_2ddc _cBOOK _n0 |
||
| 949 |
_aSA-JeALM _d250605 _umohamedma123 _n1 |
||
| 999 |
_c8844 _d8844 |
||